Countries That End in A - Statistics

General Stats
  • This quiz has been taken 2,109 times
    2,073 since last reset
  • The average score is 62 of 73
Answer Stats
Countries % Correct
Australia
96%
Argentina
95%
Algeria
93%
Colombia
93%
Albania
92%
Bolivia
92%
Canada
92%
India
91%
Russia
91%
Andorra
90%
China
90%
Venezuela
90%
Indonesia
89%
Slovakia
89%
Austria
88%
Guyana
88%
Latvia
88%
Panama
88%
Slovenia
88%
Angola
87%
Bulgaria
87%
Croatia
87%
Cuba
87%
Estonia
87%
Libya
87%
Lithuania
87%
Romania
87%
Zambia
87%
Ethiopia
86%
Armenia
85%
Costa Rica
85%
Guinea
85%
Kenya
85%
Serbia
85%
South Africa
85%
Guatemala
84%
Jamaica
84%
Nicaragua
84%
Somalia
84%
South Korea
84%
Antigua and Barbuda
83%
Bosnia and Herzegovina
83%
Dominica
83%
Ghana
83%
Nigeria
83%
North Korea
83%
Samoa
83%
Tanzania
83%
Tunisia
83%
Eritrea
82%
Malaysia
82%
Namibia
82%
Saudi Arabia
82%
Tonga
82%
Gambia
81%
Rwanda
81%
Uganda
81%
Cambodia
80%
Georgia
80%
Mauritania
80%
Moldova
80%
Mongolia
80%
Botswana
79%
Malta
79%
North Macedonia
79%
Papua New Guinea
79%
Liberia
78%
Grenada
77%
Saint Lucia
76%
Syria
76%
F.S Micronesia
75%
Equatorial Guinea
74%
Sri Lanka
74%
No matching quizzes found
Score Distribution
Percent of People with Each Score
Percentile by Number Answered
Your Score History
You have not taken this quiz since the last reset